000 00768nam a22002297a 4500
999 _c1908
_d1908
003 OSt
005 20210702061903.0
008 210702b ||||| |||| 00| 0 eng d
020 _a 9780176441517
040 _cALUPE UNIVERSITY
050 _aRC 454
_b.B345 2009
100 _aBarlow, David H
245 _aAbnormal psychology
_ban integrative approach
250 _a: Second Canadian Edition
260 _a Australia ; United States :
_bWadsworth Cengage Learning,
_c c2009
300 _a xxiv,
_b (various pagings)
_c: col
_e. ill.
_f+ 1 CD-ROM (4 3/4 in.)
_g; 29 cm.
500 _aincludes indexes
504 _a includes bibliographic details
650 _aPsychology, Pathological | Mental illness
700 _aDurand, Vincent Mark
942 _2lcc
_cBK
_nDO